Изменница: роман; пер. с англ.

書誌詳細
第一著者: Карр Ф. Филиппа
要約:Действие романа разворачивается на фоне исторических событий, происходящих в Англии во времена царствования Георга П. Сепфора, главная героиня романа, приезжает в имение к больному дяде и пытается разобраться в странных событиях, происходящих здесь. Но неожиданно вспыхнувшая страсть к французскому дворянину Жерару д'Обинье заставляет ее забыть не только о супружеской верности, но и изменяет всю жизнь Сепфоры...
言語:ロシア語
出版事項: Москва, Эксмо, 1995
シリーズ:Золотой лев
主題:
フォーマット: 図書
KOHA link:https://koha.lib.tpu.ru/cgi-bin/koha/opac-detail.pl?biblionumber=672830

MARC

LEADER 00000nam0a2200000 4500
001 672830
005 20240927110523.0
010 |a 5-7562-0043-6 
090 |a 672830 
100 |a 20240529d1995 m||y0rusy50 ca 
101 1 |a rus  |c eng 
102 |a RU 
105 |a y z 000ay 
181 0 |a i   |b  e  
182 0 |a n 
183 0 |a nc  |2 RDAcarrier 
200 1 |a Изменница  |e роман  |e пер. с англ.  |f Филиппа Карр (Виктория Холт) 
203 |a Текст  |b визуальный  |c непосредственный 
210 |a Москва  |c Эксмо  |a Санкт-Петербург  |c МиМ-Экспресс  |d 1995 
215 |a 377 с. 
225 1 |a Золотой лев 
283 |a volume  |2 RDAcarrier 
330 |a Действие романа разворачивается на фоне исторических событий, происходящих в Англии во времена царствования Георга П. Сепфора, главная героиня романа, приезжает в имение к больному дяде и пытается разобраться в странных событиях, происходящих здесь. Но неожиданно вспыхнувшая страсть к французскому дворянину Жерару д'Обинье заставляет ее забыть не только о супружеской верности, но и изменяет всю жизнь Сепфоры... 
606 1 |a Английская литература  |9 52454 
610 1 |a художественная литература 
610 1 |a романы 
610 1 |a исторические романы 
675 |a 82  |v 4 
700 1 |a Карр  |b Ф.  |g Филиппа  |c публиковалась также под именем Виктория Холт 
801 0 |a RU  |b 63413507  |c 20240529 
942 |c BK